000 00387nam a2200145 4500
999 _c9467
_d9467
003 OSt
005 20210623171604.0
008 210623b ||||| |||| 00| 0 eng d
020 _a9781631591013
082 _a741.23
100 _aBell, Lorraine (Artist)
245 _aThe art of crayon : draw, color, resist, sculpt, carve!
260 _aUSA
_bQuarto publishing group
_c2016
942 _2ddc